00853nam a22001935i 4500001000700000003000900007005001700016008004100033040003000074245020200104260005400306300002400360650001900384700002100403700002900424740006900453752002600522852011100548165909ES-MaACL20230906213228.0990322s1776 ne |||| | fre d aCCPB | B bspa cCCPB | B00aSupplement à l'Encyclopédie ou Dictionnaire Raisonné des Sciences, des Arts et des Métiers / cpar une Société de Gens de Lettres ; Mis en ordre et publié par M*** ... ; Tome Premier. aA Amsterdam : bChez M. M. Rey, Libraire, c1776. aIV, 926 p. ; cFol. aEnciclopedias.11aM***, eed. lit.11aRey, Marc-Michel, eimp.0 aDictionnaire raisonné des sciences, des arts et des métiers. aHolanda - dAmsterdam aES-MaACLjR-2140 z-- Enc. pasta con hierros dorados z-- Ex-libris del duque de Hyjar d-- Olim: C- 10435